000 01163nam a22002777a 4500
001 39256
003 BD-RjUL
005 20211209052943.0
008 160406s1999 bg a|||| |||| 000 1dben d
020 _a9840739190 (V-3)
_c: Tk. 200.00
035 _a(BD-RjUL)39368
040 _aBD-RjUL
_bben
_cBD-RjUL
_dBD-RjUL
041 _aben
082 _223
_a891.444
_bJAS 1999
100 _aজাফর, সিকানদার আবু
_9121044
245 _aসিকানদার আবু জাফর রচনাবলী /
_cসিকানদার আবু জাফর ; আবদুল মান্নান সৈয়দ সম্পাদিত
260 _aঢাকা :
_bবাংলা একাডেমী,
_c১৯৯৯.
300 _a খণ্ড :
_bচিত্র,
_c২২ সেমি.
490 _aবাএ ;
_v৩৯১০
505 _aখণ্ড ৩ --
650 _aবাংলা প্রবন্ধ
_9121045
650 _aBengali Essays
_9121046
700 _a সৈয়দ, আবদুল মান্নান, সম্পাদক
_9118059
830 _aবাএ ;
_v৩৯১০
_9210422
942 _2ddc
_cBK
999 _c39256
_d39256